| 000 -LEADER |
| fixed length control field |
01061cam a2200325 a 4500 |
| 001 - CONTROL NUMBER |
| control field |
.b11404875 |
| 003 - CONTROL NUMBER IDENTIFIER |
| control field |
UkOxU |
| 005 - DATE AND TIME OF LATEST TRANSACTION |
| control field |
20190809102713.0 |
| 008 - FIXED-LENGTH DATA ELEMENTS--GENERAL INFORMATION |
| fixed length control field |
020620s1990 sp a b 000 d spa d |
| 020 ## - INTERNATIONAL STANDARD BOOK NUMBER |
| International Standard Book Number |
8437601215 (pbk.) : |
| 020 ## - INTERNATIONAL STANDARD BOOK NUMBER |
| International Standard Book Number |
9788437601212 (pbk.) : |
| 040 ## - CATALOGING SOURCE |
| Original cataloging agency |
TW-KhWUC |
| Transcribing agency |
KH8 |
| 041 0# - LANGUAGE CODE |
| Language code of text/sound track or separate title |
spa |
| 042 ## - AUTHENTICATION CODE |
| Authentication code |
nbic |
| 044 ## - COUNTRY OF PUBLISHING/PRODUCING ENTITY CODE |
| MARC country code |
sp |
| 082 0# - DEWEY DECIMAL CLASSIFICATION NUMBER |
| Classification number |
862 CAL |
| 090 ## - LOCALLY ASSIGNED LC-TYPE CALL NUMBER (OCLC); LOCAL CALL NUMBER (RLIN) |
| Classification number (OCLC) (R) ; Classification number, CALL (RLIN) (NR) |
862.3 |
| Local cutter number (OCLC) ; Book number/undivided call number, CALL (RLIN) |
C146Al(1) |
| 100 1# - MAIN ENTRY--PERSONAL NAME |
| Personal name |
Calderón de la Barca, Pedro, |
| Dates associated with a name |
1600-1681. |
| Relator term |
author |
| 245 13 - TITLE STATEMENT |
| Title |
El alcalde de Zalamea / |
| Statement of responsibility, etc. |
Calderón de la Barca ; edición de A. J. Valbuena Briones. |
| 250 ## - EDITION STATEMENT |
| Edition statement |
19a ed. |
| 260 ## - PUBLICATION, DISTRIBUTION, ETC. |
| Place of publication, distribution, etc. |
Madrid : |
| Name of publisher, distributor, etc. |
Cátedra, |
| Date of publication, distribution, etc. |
2003. |
| 300 ## - PHYSICAL DESCRIPTION |
| Extent |
200 p. : |
| Other physical details |
il. ; |
| Dimensions |
18 cm. |
| 440 #0 - SERIES STATEMENT/ADDED ENTRY--TITLE |
| Title |
Letras Hispanicas ; |
| Volume/sequential designation |
67. |
| 504 ## - BIBLIOGRAPHY, ETC. NOTE |
| Bibliography, etc. note |
Incluye referencias bibliográficas (p. 53-54) |
| 600 10 - SUBJECT ADDED ENTRY--PERSONAL NAME |
| Personal name |
Calderón de la Barca, Pedro, |
| Dates associated with a name |
1600-1681 |
| General subdivision |
Criticism and interpretation. |
| 650 ## - SUBJECT ADDED ENTRY--TOPICAL TERM |
| Topical term or geographic name entry element |
Teatro español |
| Chronological subdivision |
1500-1700 (Período clásico) |
| 650 #0 - SUBJECT ADDED ENTRY--TOPICAL TERM |
| Topical term or geographic name entry element |
Spanish drama |
| Chronological subdivision |
Classical period, 1500-1700. |
| 700 1# - ADDED ENTRY--PERSONAL NAME |
| Personal name |
Valbuena Briones, Ángel. |
| Relator term |
Editor |
| 942 ## - ADDED ENTRY ELEMENTS (KOHA) |
| Source of classification or shelving scheme |
|
| Koha item type |
Books - Non Ficton |